|
|
|
|
| LEADER |
00720nam a2200205 i 4500 |
| 001 |
publ37079 |
| 005 |
20250717150310.0 |
| 008 |
250717s2024 hu o 000 eng d |
| 020 |
|
|
|a 9783725812370; 9783725812387
|
| 024 |
7 |
|
|a 10.3390/books978-3-7258-1237-0
|2 doi
|
| 024 |
7 |
|
|a 34906848
|2 mtmt
|
| 040 |
|
|
|a SZTE Publicatio Repozitórium
|b hun
|
| 041 |
|
|
|a eng
|
| 100 |
1 |
|
|a Kórus Péter
|
| 245 |
1 |
0 |
|a Recent Advances in Fractional Calculus
|h [elektronikus dokumentum] /
|c Kórus Péter
|
| 260 |
|
|
|a MDPI
|b Basel
|c 2024
|
| 300 |
|
|
|a 186
|
| 650 |
|
4 |
|a Matematika
|
| 700 |
0 |
2 |
|a Nápoles Valdés Juan Eduardo
|e aut
|
| 856 |
4 |
0 |
|u http://publicatio.bibl.u-szeged.hu/37079/1/2024.Recent_Advances_in_Fractional_Calculus.pdf
|z Dokumentum-elérés
|